| 000 | 00665nam a22002297a 4500 | ||
|---|---|---|---|
| 005 | 20170124105940.0 | ||
| 010 | _a223147 | ||
| 020 | _c25.00 | ||
| 035 | _a223147 | ||
| 037 | _bCen Lib/Ret | ||
| 040 |
_aDPL _bEN |
||
| 082 |
_a230.1 _bMAC |
||
| 100 |
_aMacdonell, A.A. _910904 |
||
| 245 |
_aThe vedic mythology / _cby A.A. Macdonell |
||
| 260 |
_aRishikesh Himalayas _bIndological Book House _c1963 |
||
| 270 |
_aCK. 38/16 Bansphtak, post Box No. 98 _bVaranasi |
||
| 300 |
_a189p. _c23cm(Hb) |
||
| 500 | _aIncludes indexes. | ||
| 650 |
_aHinduism _910905 |
||
| 650 |
_aVedas _910906 |
||
| 942 |
_2ddc _cEN _h230.1 _mMAC |
||
| 999 |
_c124483 _d124483 |
||